El Juego de los reformismos: frente a la revolución en Centroamérica /

محفوظ في:
التفاصيل البيبلوغرافية
المؤلف الرئيسي: Assmann, Hugo
مؤلفون مشاركون: Departamento Ecuménico de Investigaciones, DEI
مؤلفون آخرون: Hinkelammert, Franz J. Petras, James F Solórzano Martínez, Mario
التنسيق: نص
منشور في: San José: DEI
الوسوم: إضافة وسم
لا توجد وسوم, كن أول من يضع وسما على هذه التسجيلة!

MARC

LEADER 00000 a a2200000 04500
001 22592
003
040
090 |a 154801  
100 |a Assmann, Hugo  
110 |a Departamento Ecuménico de Investigaciones  
245 |a El Juego de los reformismos: frente a la revolución en Centroamérica /  |c Departamento Ecuménico de Investigaciones  
260 |a San José:   |b DEI  
300 |a 181 p.  
700 |a Hinkelammert, Franz J.   |a Petras, James F   |a Solórzano Martínez, Mario  
710 |a DEI  
999 |c 17536  |d 17536